| 000 | 00910nas a2200301 4500 | ||
|---|---|---|---|
| 001 | BR2012006686 | ||
| 003 | BR-BrBNA | ||
| 005 | 20231205121114.0 | ||
| 007 | ta | ||
| 008 | 230509b bl.|||p| |||| 00| 00por d | ||
| 040 |
_aBR-BrBNA _bpor _cBiblioteca Nacional de Agricultura |
||
| 041 | _a(Pt) | ||
| 072 | _aH10 | ||
| 100 | 1 | _aNunes, H.T. | |
| 100 | 1 | _aMonteiro, A.C. | |
| 100 | 1 | _aPomela, A.W.V. | |
| 245 | 1 | _aUso de agentes microbianos e químico para o controle de Meloidogyne incognita em soja | |
| 650 | _aMELOIDOGYNE INCÓGNITA | ||
| 650 | _aDOENÇA DE PLANTA | ||
| 650 | _aSOJA | ||
| 650 | _aGLYCINE MAX | ||
| 650 | _aCONTROLE INTEGRADO | ||
| 650 | _aALDICARBE | ||
| 650 | _aPRODUTO QUÍMICO | ||
| 773 | 0 |
_tActa Scientiarum. Agronomy (Brazil) _xISSN 1679-9275 _g(Jul- Sept 2010), v. 32(3) p. 403-409 _wBR2012006686 |
|
| 909 |
_a202311 _bLúcia _c55 _dLúcia Elande |
||
| 942 |
_2AGRIS _n0 _cANA |
||
| 999 |
_c221855 _d221855 |
||